| 000 | nam a22 7a 4500 | ||
|---|---|---|---|
| 999 |
_c27220 _d27220 |
||
| 008 | 170207b xxu||||| |||| 00| 0 eng d | ||
| 020 | _a 0806944293 | ||
| 050 | _aNC765 .C64 2001 | ||
| 100 | _aConstance,Diana | ||
| 245 |
_aComplete life drawing course/ _cDiana Constance |
||
| 260 |
_aNew York : _b Sterling Pub., _cc2001. |
||
| 300 |
_a176p. : _bill. ; _c28cm |
||
| 500 | _aincludes index. | ||
| 650 | _a Human figure in art. | ||
| 942 |
_2lcc _cBOOKS _hNC765 .C64 2001 |
||